Grands noms de la théorie de l'évolution - Statistiques

Statistiques générales
  • Ce quiz a été pris 9 fois
  • Le résultat moyen est 4 sur 17
Statistiques - réponses
Hint Réponse % Correct
Publie "L'Origine des Espèces". Charles Darwin
67%
Crée le système de nomenclature des espèces. Carl von Linné
56%
Développe le concept de sélection naturelle en même temps que Darwin. Alfred Russel Wallace
44%
Falsifie ses résultats pour soutenir les lois de base de la génétique. Gregor Mendel
44%
Permet la découverte de la structure de l'ADN. Rosalind Franklin
44%
Décrit les plans d'organisation du vivant. Étienne Geoffroy Saint-Hilaire
33%
Découvre les gène homéotiques (gènes du développement). Edward B. Lewis
22%
Découvre le fonctionnement des gènes par opérons. Jacques Monod
22%
Propose l'hérédité des caractères acquis. Jean-Baptiste de Lamarck
22%
Découvre les transposons (gènes sauteurs). Barbara McClintock
11%
Étudie l'évolution par la transformation géométrique des formes. D'Arcy Thompson
11%
Développe la théorie du catastrophisme. George Cuvier
11%
Invente le mot mutation. Hugo de Vries
11%
Établit la théorie de la dérive génétique. Motoo Kimura
11%
Un des fondateurs de la théorie synthétique de l'évolution. Ernst Mayr
0%
Propose un modèle saltatoire de l'évolution. Richard Goldschmidt
0%
Invente le mot génétique. William Bateson
0%
Aucun quiz correspondant
Distribution des résultats
% des personnes avec chaque résultat
Percentile par nombre de réponses
Votre historique - résultats
Vous n’avez pas pris ce quiz